Perspectives on administration / (Record no. 19094)
[ view plain ]
| 000 -LEADER | |
|---|---|
| fixed length control field | 00686nam a2200241I 4500 |
| 001 - CONTROL NUMBER | |
| control field | 19094 |
| 003 - CONTROL NUMBER IDENTIFIER | |
| rucl marc code | BD-RjUL |
| 005 - DATE AND TIME OF LATEST TRANSACTION | |
| control field | 20211209000401.0 |
| 008 - FIXED-LENGTH DATA ELEMENTS--GENERAL INFORMATION | |
| fixed length control field | 140223r19661956 1 eng u |
| 035 ## - SYSTEM CONTROL NUMBER | |
| System control number | (BD-RjUL)19152 |
| 040 ## - CATALOGING SOURCE | |
| Transcribing agency | MDY |
| Modifying agency | m.c. |
| -- | BOS |
| -- | BD-RjUL |
| Original cataloging agency | BOS |
| Language of cataloging | eng |
| 041 ## - LANGUAGE CODE | |
| Language code of text/sound track or separate title | eng |
| 082 ## - DEWEY DECIMAL CLASSIFICATION NUMBER | |
| Classification number | 350 |
| Author mark and year | WAP 1966 |
| 090 ## - LOCALLY ASSIGNED LC-TYPE CALL NUMBER (OCLC); LOCAL CALL NUMBER (OCLC) | |
| Classification number (OCLC) (R) ; Classification number, CALL (RLIN) (NR) | JF1351 |
| Local cutter number (OCLC) ; Book number/undivided call number, CALL (RLIN) | .F56 |
| 100 1# - MAIN ENTRY--PERSONAL NAME | |
| Personal name | Waldo, Dwight. |
| 9 (RLIN) | 21073 |
| 245 10 - TITLE STATEMENT | |
| Title | Perspectives on administration / |
| Statement of responsibility, etc. | Dwight Waldo |
| 260 ## - PUBLICATION, DISTRIBUTION, ETC. (IMPRINT) | |
| Place of publication, distribution, etc. | University, Ala. : |
| Name of publisher, distributor, etc. | University of Alabama Press, |
| Date of publication, distribution, etc. | c1956 [Reprinted 1966]. |
| 300 ## - PHYSICAL DESCRIPTION | |
| Pagination | 143 p. ; |
| Size | 21 cm. |
| 504 ## - BIBLIOGRAPHY, ETC. NOTE | |
| Bibliography, etc | Includes index. |
| 650 #0 - SUBJECT ADDED ENTRY--TOPICAL TERM | |
| Topical term or geographic name as entry element | Public administration. |
| 9 (RLIN) | 58854 |
| 942 ## - ADDED ENTRY ELEMENTS (KOHA) | |
| Source of classification or shelving scheme | Dewey Decimal Classification |
| Koha item type | Books |
| Lost status | Source of classification or shelving scheme | Damaged status | Not for loan | Collection code | Permanent Location | Current Location | Shelving location | Date acquired | Source of acquisition | Cost, normal purchase price | Total Checkouts | Full call number | Date last seen | Copy number | Koha item type |
|---|---|---|---|---|---|---|---|---|---|---|---|---|---|---|---|
| Dewey Decimal Classification | Not For Loan | Non-fiction | Central Library, University of Rajshahi | Central Library, University of Rajshahi | Reading Room | 04/11/1968 | Zitlinger | 38.00 | 350 WAP 1966 | 23/02/2014 | C-1 | Books | |||
| Dewey Decimal Classification | Non-fiction | Central Library, University of Rajshahi | Central Library, University of Rajshahi | 17/10/1968 | Zeitlinger | 37.16 | 350 WAP 1966 | 27/12/2016 | C-2 | Books |